书目信息 |
| 题名: |
文明的对话
|
|
| 作者: | 利洛夫 著 ;马细谱 选译 | |
| 分册: | ||
| 出版信息: | 北京 社会科学文献出版社 2007 |
|
| 页数: | 10,337页 | |
| 开本: | 24cm | |
| 丛书名: | 世界社会主义研究丛书 | |
| 单 册: | ||
| 中图分类: | K901.4 | |
| 科图分类: | ||
| 主题词: | 国际政治关系--研究--现代 , 社会主义--研究--苏联 , 国际政治关系 , 社会主义 , 社会主义--研究--东欧 , 地理 | |
| 电子资源: | ||
| ISBN: | 978-7-80230-752-0 | |
| 000 | 01456oam2 2200373 450 | |
| 001 | 1251682287 | |
| 005 | 20121012142302.60 | |
| 010 | @a978-7-80230-752-0@dCNY48.00 | |
| 100 | @a20071126d2007 em y0chiy50 ea | |
| 101 | 1 | @achi@cbul |
| 102 | @aCN@b110000 | |
| 105 | @ay z 000yy | |
| 106 | @ar | |
| 200 | 1 | @a文明的对话@e世界地缘政治大趋势@f(保)亚历山大·利洛夫(Александър Лилов)著@g马细谱[等]选译@Awen ming de dui hua |
| 210 | @a北京@c社会科学文献出版社@d2007 | |
| 215 | @a10,337页@d24cm | |
| 225 | 2 | @a世界社会主义研究丛书@i参考系列@v17 |
| 300 | @a国家社科基金特别委托项目 | |
| 305 | @a据保加利亚“扎·斯托扬诺夫”出版社和索非亚“圣·克利门特·奥赫里茨基”大学出版社2004年版和2006年补充修订版选译 | |
| 330 | @a本书对苏东现实社会主义的失败及其原因以及社会主义的未来前景进行了深层次的分析,就当前国际形势格局变化、单极和多极世界以及多元文明与文化提出了独到见解。 | |
| 462 | 0 | @1001002979555 |
| 517 | 1 | @a世界地缘政治大趋势@Ashi jie di yuan zheng zhi da qu shi |
| 606 | 0 | @a国际政治关系@x研究@z现代 |
| 606 | 0 | @a社会主义@x研究@y苏联 |
| 606 | 0 | @a国际政治关系 |
| 606 | 0 | @a社会主义 |
| 606 | 0 | @a社会主义@x研究@y东欧 |
| 606 | 0 | @a地理 |
| 690 | @aK901.4@v4 | |
| 701 | 1 | @c(保)@a利洛夫@c(Лилов,Александр)@4著@Ali luo fu |
| 702 | 0 | @a马细谱@f(1938~)@4选译@Ama xi pu |
| 801 | 0 | @aCN@b110019@c20071018 |
| 801 | 2 | @aCN@b110019@c20071018 |
| 905 | @a10447@dK901.4@eJY8 | |
| 文明的对话:世界地缘政治大趋势/(保)亚历山大·利洛夫(Александър Лилов)著/马细谱[等]选译.-北京:社会科学文献出版社,2007 |
| 10,337页;24cm .-(世界社会主义研究丛书.参考系列;17 ) |
| 国家社科基金特别委托项目 |
| ISBN 978-7-80230-752-0:CNY48.00 |
| 本书对苏东现实社会主义的失败及其原因以及社会主义的未来前景进行了深层次的分析,就当前国际形势格局变化、单极和多极世界以及多元文明与文化提出了独到见解。 |
| ● |
| 相关链接 |
|
|
|
|
正题名:文明的对话
索取号:K901.4/JY8
 
预约/预借
| 序号 | 登录号 | 条形码 | 馆藏地/架位号 | 状态 | 备注 |
| 1 | 7825656 | 278256566 | 学院路分馆/ [索取号:K901.4/JY8] | 在馆 | |
| 2 | 7825657 | 278256575 | 学院路分馆/ [索取号:K901.4/JY8] |
已借出,限还日期为2014.02.28 借出人:石远鹏 |